Grecja - prawda czy fałsz? - Statystyki

Ogólne statystyki
  • Ten quiz został rozwiązany 4 665 razy
  • Średni wynik to 10 z 15
Statystyki odpowiedzi
Zagadnienie Odpowiedź % Poprawnych
Flaga Grecji składa się tylko z dwóch kolorów - niebieskiego i białego Prawda
98%
Grecja używa drachmy jako swojej waluty Fałsz
83%
Macedonia Północna dodała do swojej nazwy „Północna”, aby rozwiązać spór z Grecją Prawda
83%
Ateny były stolicą Cesarstwa Bizantyjskiego Fałsz
81%
Lambda to grecka litera Prawda
81%
Prawie wszystkie wyspy, leżące na Morzu Egejskim należą do Grecji Prawda
79%
Sokrates zginął na bitwie Fałsz
77%
Ruiny Troi są zlokalizowane na obszarze dzisiejszej Grecji Fałsz
67%
W dokumentach pisanych w klasycznej grece nie korzystano ze spacji między wyrazami Prawda
63%
Naziści zajęli Grecję podczas II wojny światowej Prawda
62%
Jacqueline Lee „Jackie” Bouvier Kennedy Onassis poślubiła greckiego magnata żeglugowego nazywającego się Aristotelis Sokratis Onasis Prawda
60%
Sparta jest jednym z dziesięciu największym miast Grecji Fałsz
57%
Około 50% Greków to katolicy Fałsz
53%
Ouzo to rodzaj ciasta, dokładniej filo wypełnione szpinakiem Fałsz
49%
Kontra (przeciw), Mille (tysiąc) i Leo (lew) to starożytne greckie słowa Fałsz
33%
Nie znaleziono quizów pasujących do podanych kryteriów
Rozkład punktacji
Procent ludzi z każdym wynikiem
Percentyl według liczby udzielonych odpowiedzi
Twoja historia wyników
Nie rozwiązałeś tego quizu